[Event "SVK-chT2C 0708"]
[Site "Slovakia"]
[Date "2007.12.02"]
[Round "6.2"]
[White "Gregor, Jozef"]
[Black "Sedlar, Jozef"]
[Result "1-0"]
[WhiteElo "2074"]
[BlackElo "2025"]
[PlyCount "119"]
[EventDate "2007.10.06"]
[EventType "team-tourn"]
[EventRounds "11"]
[EventCountry "SVK"]
[SourceTitle "EXT 2010"]
[Source "ChessBase"]
[SourceDate "2010.11.25"]
[SourceVersion "1"]
[SourceVersionDate "2010.11.25"]
[SourceQuality "1"]
[WhiteTeam "Banska Bystrica Junior"]
[BlackTeam "Banska Bystrica Kurta"]
[WhiteTeamCountry "SVK"]
[BlackTeamCountry "SVK"]

1. d4 Nf6 2. c4 e6 3. Nc3 d5 4. Bg5 Be7 5. e3 b6 6. Nf3 Bb7 7. Rc1 dxc4 8. Bxc4 0-0 9. 0-0 Nbd7 10. Qe2 Ne4 11. Bxe7 Qxe7 12. Rfd1 c5 13. Nxe4 Bxe4 14. Bb5 Rac8 15. Bxd7 Bxf3 16. Qxf3 Qxd7 17. dxc5 Qa4 18. cxb6 Rxc1 19. Rxc1 axb6 20. Qc6 b5 21. h3 g6 22. a3 Qb3 23. Qc3 Qd5 24. Qc5 Qb3 25. Qb4 Qd3 26. a4 bxa4 27. Qxa4 Rb8 28. Qc2 Qb5 29. Rb1 Qb4 30. Kf1 h5 31. Ke2 Qb5+ 32. Qd3 Qg5 33. Kf1 Rb5 34. b4 Qe5 35. Qd8+ Kh7 36. Qe7 Kg8 37. Qd8+ Kh7 38. Qd3 Rd5 39. Qb3 Qh2 40. b5 Qh1+ 41. Ke2 Qxg2 42. b6 Rf5 43. b7 Qf3+ 44. Kd3 Rd5+ 45. Kc3 Qf6+ 46. Kb4 Qe7+ 47. Ka4 Qd7+ 48. Qb5 Rxb5 49. Rxb5 Qd1+ 50. Rb3 Qa1+ 51. Kb5 Qa7 52. Kc6 Qa4+ 53. Rb5 Qa6+ 54. Rb6 Qc4+ 55. Kd7 Qd5+ 56. Ke8 Qf5 57. b8Q Qxf2 58. Qf4 Qc2 59. Qxf7+ Kh6 60. Qf4+ 1-0

[Event "SVK-chT2C 0708"]
[Site "Slovakia"]
[Date "2007.11.04"]
[Round "4.3"]
[White "Liska, Vladimir"]
[Black "Gregor, Jozef"]
[Result "0-1"]
[WhiteElo "1920"]
[BlackElo "2074"]
[PlyCount "106"]
[EventDate "2007.10.06"]
[EventType "team-tourn"]
[EventRounds "11"]
[EventCountry "SVK"]
[SourceTitle "EXT 2010"]
[Source "ChessBase"]
[SourceDate "2010.11.25"]
[SourceVersion "1"]
[SourceVersionDate "2010.11.25"]
[SourceQuality "1"]
[WhiteTeam "Martin Medea"]
[BlackTeam "Banska Bystrica Junior"]
[WhiteTeamCountry "SVK"]
[BlackTeamCountry "SVK"]

1. e4 c6 2. d4 d5 3. exd5 cxd5 4. Bd3 Nc6 5. c3 Nf6 6. h3 g6 7. Nf3 Bg7 8. Bf4 0-0 9. Nbd2 Be6 10. Ng5 Bd7 11. Nb3 Re8 12. 0-0 Qc8 13. Nf3 Bf5 14. Ne5 Nh5 15. Bh2 Bxd3 16. Qxd3 Nf6 17. Rfe1 Nd7 18. Nxd7 Qxd7 19. Nc5 Qc8 20. Qf3 e6 21. Nd3 Qd7 22. Ne5 Qc8 23. Nd3 b6 24. Ne5 Nxe5 25. Bxe5 Bxe5 26. dxe5 Qc5 27. Rad1 Qe7 28. Rd4 Rf8 29. Rf4 Rac8 30. Rd1 Kg7 31. Rf6 Rc4 32. Re1 Qc5 33. Rf4 b5 34. a3 a5 35. h4 Qe7 36. Rxc4 bxc4 37. h5 Rb8 38. Re2 Qg5 39. hxg6 hxg6 40. g3 Rh8 41. Re3 Rh5 42. Re1 Qd2 43. Rd1 Qc2 44. Kg2 Rxe5 45. g4 f6 46. Rh1 Re2 47. g5 fxg5 48. Rh7+ Kxh7 49. Qf7+ Kh6 50. Qf8+ Kh5 51. Kg3 Qd3+ 52. f3 g4 53. Qh8+ Kg5 0-1

[Event "SVK-chT2C 0607"]
[Site "Slovakia"]
[Date "2006.11.25"]
[Round "3.3"]
[White "Jakubec, Boris"]
[Black "Gregor, Jozef"]
[Result "1-0"]
[WhiteElo "1964"]
[BlackElo "2089"]
[PlyCount "39"]
[EventDate "2006.10.14"]
[EventType "team-tourn"]
[EventRounds "11"]
[EventCountry "SVK"]
[SourceTitle "EXT 2008"]
[Source "ChessBase"]
[SourceDate "2007.11.25"]
[SourceVersion "1"]
[SourceVersionDate "2007.11.25"]
[SourceQuality "1"]
[WhiteTeam "Podbrezova ZP Sport"]
[BlackTeam "Zvolen Slavia"]
[WhiteTeamCountry "SVK"]
[BlackTeamCountry "SVK"]

1. e4 e5 2. Nf3 Nf6 3. Nxe5 d6 4. Nxf7 Kxf7 5. d4 Qe7 6. Nc3 g6 7. Bd3 Bg7 8. 0-0 Rf8 9. Bg5 c6 10. f4 Qe8 11. e5 Nd5 12. Ne4 Kg8 13. Nxd6 Qd7 14. f5 h6 15. fxg6 Rxf1+ 16. Qxf1 Na6 17. Bf5 Qc7 18. Bxc8 Rxc8 19. Qf7+ Kh8 20. Nxc8 1-0

[Event "SVK-chT2C 0506"]
[Site "Slovakia"]
[Date "2005.12.17"]
[Round "5.4"]
[White "Sorkovsky, Miroslav"]
[Black "Gregor, Jozef"]
[Result "1-0"]
[WhiteElo "2118"]
[BlackElo "2090"]
[PlyCount "54"]
[EventDate "2005.10.22"]
[EventType "team-tourn"]
[EventRounds "11"]
[EventCountry "SVK"]
[SourceTitle "EXT 2009"]
[Source "ChessBase"]
[SourceDate "2008.11.26"]
[SourceVersion "1"]
[SourceVersionDate "2008.11.26"]
[SourceQuality "1"]

1. e4 c5 2. Nf3 e6 3. d4 cxd4 4. Nxd4 a6 5. c4 Nf6 6. Nc3 d6 7. Be2 Be7 8. 0-0 0-0 9. Be3 Qc7 10. f4 Nc6 11. Rc1 Bd7 12. Nb3 Nb8 13. g4 Bc6 14. Bf3 Re8 15. g5 Nfd7 16. Nd4 Bf8 17. b4 b6 18. Nxc6 Nxc6 19. a3 Rac8 20. Qe1 g6 21. Qf2 Bg7 22. Rfd1 Rb8 23. h4 Red8 24. Nb5 axb5 25. cxb5 Rdc8 26. bxc6 Nf8 27. b5 Rd8 1-0